Insects and host specificity (Record no. 25108)

MARC details
000 -LEADER
fixed length control field 00314nam a2200121Ia 4500
082 ## - DEWEY DECIMAL CLASSIFICATION NUMBER
Classification number 595.7:576.89
Item number ANA
245 #0 - TITLE STATEMENT
Title Insects and host specificity
260 ## - PUBLICATION, DISTRIBUTION, ETC. (IMPRINT)
Place of publication Delhi
Name of publisher Macmillan Company
Year of publication 1977
650 ## - SUBJECT ADDED ENTRY--TOPICAL TERM
Topical Term Insects
700 ## - ADDED ENTRY--PERSONAL NAME
Personal name Ananthakrishnan, T N
942 ## - ADDED ENTRY ELEMENTS (KOHA)
Koha item type Books
Holdings
Withdrawn status Lost status Damaged status Not for loan Home library Current library Date acquired Full call number Accession Number Koha item type
        RRII Library RRII Library 16/12/2021 595.7:576.89 ANA 05770 Books